[Event "16th ch-Asian Cities Dubai Cup"]
[Site "Beirut LIB"]
[Date "2009.04.23"]
[Round "9"]
[White "Allan,W"]
[Black "Sriram,S1"]
[Result "0-1"]
[WhiteElo "2090"]
[BlackElo "2219"]

1.e4 c5 2.Nf3 d6 3.Bb5+ Nd7 4.O-O Nf6 5.Re1 a6 6.Bf1 b6 7.d4 cxd4 8.Nxd4 Bb7
9.Nc3 e6 10.Bg5 Be7 11.f4 Qc7 12.f5 e5 13.Nb3 b5 14.a3 h6 15.Bd2 O-O 16.Rc1 Nc5
17.Qf3 Rac8 18.Bd3 Rfe8 19.h3 d5 20.Kh1 dxe4 21.Nxe4 Ncxe4 22.Bxe4 Nxe4 23.Rxe4 Bxe4
24.Qxe4 Qc4 25.Qf3 e4 26.Qg3 e3 27.Bc3 Bg5 28.Nd4 Qc7 29.Qf3 e2 30.Re1 Re3
31.Qf2 Qf4 32.Qxf4 Bxf4 33.Rxe2 Rce8 34.Rxe3 Bxe3 35.Nf3 Bf2 36.g4 Re2 37.Bd2 Bg3
38.Bc3 Rxc2 39.Nd4 Rc1+ 40.Kg2 Be1 41.Bxe1 Rxe1 42.Kf2 Rb1 43.b3 Kf8 44.h4 Ke7
45.g5 hxg5 46.hxg5 Kd6 47.g6 fxg6 48.fxg6 Ke5 49.Nf3+ Kf6 50.Nd2 Rb2 51.Ke3 Kxg6
52.a4 b4 53.Kd3 Rxd2+ 54.Kxd2 Kf5  0-1

[Event "VI Magistral Hebraica"]
[Site "Sao Paulo BRA"]
[Date "2009.04.24"]
[Round "5"]
[White "Rodi,L"]
[Black "Mekhitarian,K"]
[Result "1/2-1/2"]
[WhiteElo "2357"]
[BlackElo "2503"]

1.e4 c5 2.Nf3 d6 3.Bb5+ Nc6 4.O-O Bd7 5.Re1 Nf6 6.c3 a6 7.Bf1 Bg4 8.d3 e6
9.Nbd2 Be7 10.h3 Bh5 11.g4 Bg6 12.Nh4 Nd7 13.Ng2 h6 14.f4 Bh7 15.f5 Nf6 16.Nf4 Qd7
17.Qb3 exf5 18.exf5 d5 19.Bg2 Rd8 20.Nf1 O-O 21.Ne3 c4 22.dxc4 dxc4 23.Qxc4 Ne5
24.Qf1 Bc5 25.Kh1 Rfe8 26.Ned5 Nexg4 27.Rxe8+ Rxe8 28.hxg4 Nxg4 29.Nh3 Bxf5
30.Bf4 Re4 31.Rd1 Qe6 32.b4 Ba7 33.Bg3 Qg6 34.Ndf4 Qc6 35.Ne2 Ne3 36.Rd8+ Kh7
37.Qf3 Qf6 38.Rd6 Re6 39.Rxe6 Qxe6 40.Nf2 Qxa2 41.Nd4 Qa1+ 42.Kh2 Bxd4 43.cxd4 Qxd4
44.Qxb7 Nxg2 45.Kxg2 Qc4 46.Kh2 Be6 47.Qe4+ Qxe4 48.Nxe4 g5 49.Nc5 Bc4 50.Nd7 f5
51.Bd6 Bb5 52.Ne5 Kg7 53.Be7 Be2 54.Kg3 Bd1 55.Kf2 f4 56.Nd3 Kf7 57.Bd6 Ke6
58.Bc7 Kf5 59.Nc5 g4 60.Nd3 f3 61.Nc5 Be2 62.Nb3 Ke4 63.Nc5+ Kf5 64.Nb3 Bc4
65.Nd4+ Ke4 66.Nc6 h5 67.Bd8 Bb5 68.Na5 Kd3 69.Bf6 Ba4 70.Nb7 Kc4 71.Be7 Bb5
72.Nc5 Kd5 73.Nb3 Bc4 74.Nd2 Be2 75.Bf6 Bd1 76.Nf1 Be2 77.Ng3 Kc4 78.Nxh5 Kxb4
79.Be7+ Kb3 80.Nf6 a5  1/2-1/2

[Event "NK Jeugd A"]
[Site "Venlo NED"]
[Date "2009.04.25"]
[Round "2"]
[White "Meurs,T"]
[Black "Burg,T"]
[Result "1/2-1/2"]
[WhiteElo "2178"]
[BlackElo "2362"]

1.e4 c5 2.Nf3 d6 3.Bb5+ Nc6 4.O-O Nf6 5.Re1 Bg4 6.h3 Bxf3 7.Bxc6+ bxc6 8.Qxf3 Nd7
9.e5 dxe5 10.Qxc6 Rc8 11.Qa4 Qc7 12.Na3 g6 13.d3 Bg7 14.Qh4 O-O 15.Bh6 Bf6
16.Bg5 Qb8 17.Nc4 Rc6 18.Qe4 Rfc8 19.Bxf6 exf6 20.b3 Re6 21.a4 f5 22.Qh4 Rce8
23.f3 Kg7 24.Qf2 Qc7 25.Rab1 Nf6 26.Rf1 Nd5 27.Qd2 h5 28.Ne3 Nf4 29.g3 Nxh3+
30.Kh2 Ng5 31.Nxf5+ gxf5 32.Qxg5+ Rg6 33.Qh4 e4 34.Rbe1 Qa5 35.Qf4 h4 36.fxe4 hxg3+
37.Kg2 c4 38.Rd1 cxb3 39.Qxf5 Qxf5 40.exf5 bxc2 41.fxg6 cxd1=Q 42.Rxd1 Kxg6
43.Kxg3 Rb8 44.Rc1 Rb3 45.Rc7 Rxd3+ 46.Kf2 a5 47.Rc5 f5 48.Rxa5 Kg5 49.Rb5 Kg4
50.Rb8 Ra3 51.a5 Ra2+ 52.Kf1 Ra1+ 53.Kf2 Ra2+ 54.Kf1 Rxa5 55.Rb3 Ra2 56.Rb4+ Kg3
57.Rb3+ Kg4 58.Rb4+ f4 59.Rb3 Rc2 60.Ra3 Rb2 61.Rc3 Rb4 62.Kf2 Rd4 63.Ra3 Rc4
64.Rb3 Rc2+ 65.Kf1 Rd2 66.Ra3 f3 67.Ra8 Rd4 68.Rg8+ Kf4 69.Rf8+ Ke3 70.Re8+ Re4
71.Rxe4+ Kxe4 72.Kf2 Kf4 73.Kf1 Kg5 74.Kf2 Kg4 75.Kf1 Kh3 76.Kf2 Kg4 77.Kf1 Kg3
78.Kg1 f2+ 79.Kf1 Kf4 80.Kxf2  1/2-1/2

[Event "NK Jeugd A"]
[Site "Venlo NED"]
[Date "2009.04.27"]
[Round "4"]
[White "Kuling,L"]
[Black "Burg,T"]
[Result "0-1"]
[WhiteElo "2205"]
[BlackElo "2362"]

1.e4 c5 2.Nf3 d6 3.Bb5+ Nc6 4.O-O Bd7 5.Re1 Nf6 6.c3 a6 7.Bxc6 Bxc6 8.d4 Bxe4
9.Bg5 Bd5 10.c4 Bxc4 11.Nc3 Be6 12.dxc5 dxc5 13.Qa4+ Bd7 14.Qb3 Qc7 15.Bxf6 gxf6
16.Nd5 Qc6 17.Nd4 Qd6 18.Qxb7 Rc8 19.Nb6 Rb8 20.Nc4 Qf4 21.Qxa6 Bh6 22.Nc6 Rg8
23.g3 Kf8 24.Nxb8 Qxb8 25.Qb6 Qc8 26.Rxe7 Kxe7 27.Qd6+ Ke8 28.Qxf6 Bf8 29.Nb6 Qc6
30.Nxd7 Qxd7 31.Re1+ Be7 32.Qh6 Rg6 33.Qxh7 Qd4 34.Qh3 Kf8 35.Qc8+ Bd8 36.b3 Rf6
37.Re3 Kg7 38.h3 Bb6 39.Qg4+ Qxg4 40.hxg4 c4 41.Rc3 Rxf2 42.Rxc4 Rxa2+ 43.Kh1 Rb2
44.Rb4 Bc7 45.Rb5 Bxg3 46.Kg1 Kg6 47.Kf1 f6 48.Kg1 Be5 49.Kf1 Kg5 50.Rb4 Kh4
51.Kg1 Kg3 52.Kf1 Kf3 53.Kg1 Rb1+  0-1

[Event "Open"]
[Site "Thessaloniki GRE"]
[Date "2009.04.28"]
[Round "2"]
[White "Sanduleac,V"]
[Black "Perdek,M"]
[Result "1/2-1/2"]
[WhiteElo "2438"]
[BlackElo "2232"]

1.e4 c5 2.Nf3 d6 3.Bb5+ Bd7 4.Bxd7+ Nxd7 5.O-O Ngf6 6.Qe2 e6 7.c3 Be7 8.d4 cxd4
9.cxd4 d5 10.e5 Ne4 11.Ne1 Qb6 12.Be3 f6 13.Nd3 O-O 14.f3 Ng5 15.Nd2 Qa6
16.exf6 Bxf6 17.Nb3 Nf7 18.Rfe1 Rfe8 19.f4 Rac8 20.Bf2 b6 21.Qf3 Nd6 22.Re2 Ne4
23.g3  1/2-1/2

[Event "84th ch-ARG Semifinal"]
[Site "La Plata ARG"]
[Date "2009.05.01"]
[Round "3"]
[White "Malbran,G"]
[Black "Torres,Max"]
[Result "1/2-1/2"]
[WhiteElo "2246"]
[BlackElo "2038"]

1.e4 c5 2.Nf3 d6 3.Bb5+ Bd7 4.Bxd7+ Qxd7 5.O-O Nf6 6.e5 dxe5 7.Nxe5 Qd6 8.d4 Qxd4
9.Qxd4 cxd4 10.Rd1 g6 11.c3 Bg7 12.cxd4 O-O 13.Nc3 Rd8 14.Be3 Nbd7 15.Nxd7 Rxd7
16.Rac1 Rad8 17.Kf1 e6 18.Ke2 Nd5 19.Nxd5 Rxd5 20.Rc7 R8d7 21.Rc8+ Rd8 22.Rxd8+ Rxd8
23.Rc1 Bxd4 24.Rd1 e5 25.Bxd4 exd4 26.Kd3 Kg7 27.Rc1 Rd6 28.Rc4 Rb6 29.b4 Ra6
30.Rc2 Ra4 31.Rb2 a5  1/2-1/2

[Event "TOP 16 GpA"]
[Site "Mulhouse FRA"]
[Date "2009.05.01"]
[Round "5"]
[White "Todorov,T"]
[Black "Shirazi,K"]
[Result "1-0"]
[WhiteElo "2163"]
[BlackElo "2404"]

1.e4 c5 2.Nf3 d6 3.Bb5+ Nc6 4.O-O Bg4 5.c3 Qb6 6.Ba4 Nf6 7.d4 cxd4 8.cxd4 d5
9.exd5 Nxd5 10.h3 Bh5 11.Qd3 e6 12.Ne5 Be7 13.Nc3 Rd8 14.Qc4 O-O 15.Bxc6 bxc6
16.Nxc6 Bf6 17.Nxd8 Rxd8 18.Nxd5 exd5 19.Qc5 Bxd4 20.Qxb6 axb6 21.Be3 Bxb2
22.Rab1 Bc3 23.Bxb6 Ra8 24.Rfc1 d4 25.Rb5 Be2 26.Rd5 Bc4 27.Rd8+ Rxd8 28.Bxd8 Bxa2
29.Ba5 g5 30.Bxc3 dxc3 31.Rxc3 Kg7 32.f4 h6 33.Kf2 Be6 34.Ke3 Kg6 35.Rc6 gxf4+
36.Kxf4 Kg7 37.Ke5 Ba2 38.Rf6 Bb1 39.Rf3 Kg6 40.Rg3+ Kh5 41.Kf6 Ba2 42.Rg7 Bd5
43.Rg4 Be6 44.Rf4 Ba2 45.g3  1-0

[Event "ch-RUS U20 w"]
[Site "Dagomys RUS"]
[Date "2009.05.02"]
[Round "4"]
[White "Girya,O"]
[Black "Severiukhina,Z"]
[Result "0-1"]
[WhiteElo "2335"]
[BlackElo "2332"]

1.e4 c5 2.Nf3 d6 3.Bb5+ Bd7 4.Bxd7+ Qxd7 5.O-O Nc6 6.c3 Nf6 7.Re1 e6 8.d4 cxd4
9.cxd4 d5 10.e5 Ne4 11.Nbd2 Nxd2 12.Bxd2 Be7 13.Rc1 O-O 14.Rc3 Rac8 15.a3 a5
16.Rd3 b5 17.Ng5 h6 18.Nh3 f5 19.exf6 Rxf6 20.Nf4 Bd6 21.Qg4 Bxf4 22.Bxf4 Qf7
23.Bg3 Ne7 24.Qe2 Ng6 25.Rd2 Qd7 26.Rc2 Rc4 27.b3 Rxd4 28.Rc7 Qe8 29.Qc2 Rf8
30.Bd6 e5 31.Bxf8 Nxf8 32.Rc8 Qe7 33.h3 Qf6 34.Re8 e4 35.Rc1 Kh7 36.Qc8 Ng6
37.Re6 Qg5 38.Re8 Rd3 39.Rb1 Qf6 40.Qe6 Qxe6 41.Rxe6 Nf4 42.Ra6 Ne2+ 43.Kh2 Nc3
44.Rb2 Nd1 45.Rc2 Rxb3 46.Rxa5 Nc3 47.Rd2 Kg6 48.g3 Kf6 49.Ra7 g5 50.Ra6+ Ke5
51.Rxh6 Rxa3 52.Rg6 Kf5 53.Rb6 Ke5 54.Rg6 b4 55.Rxg5+ Kf6 56.Rgxd5 Nxd5 57.Rxd5 Ra2
58.Rd4 b3 59.Rxe4 Rxf2+ 60.Kg1 Rc2  0-1

[Event "TOP 16 GpA"]
[Site "Mulhouse FRA"]
[Date "2009.05.02"]
[Round "6"]
[White "Marcelin,C"]
[Black "Riff,JN"]
[Result "1/2-1/2"]
[WhiteElo "2495"]
[BlackElo "2507"]

1.e4 c5 2.Nf3 d6 3.Bb5+ Nc6 4.O-O Bd7 5.Re1 Nf6 6.c3 a6 7.Ba4 b5 8.Bc2 Bg4
9.d4 cxd4 10.cxd4 e5 11.d5 Nd4 12.Nbd2 Be7 13.Bd3 Nd7 14.h3 Bh5 15.Be2 Bxf3
16.Nxf3 Nxe2+ 17.Qxe2 O-O 18.Be3 Qa5 19.Qd2 Bd8 20.a4 Bb6 21.b4 Bxe3 22.Rxe3 Qd8
23.Qe2 f5 24.axb5 fxe4 25.Nd2 axb5 26.Rxa8 Qxa8 27.Nxe4 Nb6 28.Nxd6 Nxd5
29.Rxe5 Nf4 30.Qe4 Qxe4 31.Rxe4 Nd3 32.Rd4 Nc1 33.Kf1 Na2 34.f3 Rd8 35.Nxb5 Rxd4
36.Nxd4 Nxb4 37.Kf2 Nd5 38.g3 Kf7 39.f4 Kf6 40.h4 h5 41.Kf3 g6 42.Ke4 Nc3+
43.Kd3 Nd5 44.Nc2 Ke6 45.Ne3 Nf6 46.Kd4 Ne8 47.Ke4 Nd6+ 48.Kf3 Kf6 49.Nd1 Nf5
50.Nc3 Nd4+ 51.Ke4 Nf5 52.Ne2 Nd6+ 53.Ke3 Nf5+ 54.Kf3 Ke6 55.Nc3 Nd4+ 56.Kg2 Nf5
57.Kh3 Ne3 58.Ne2  1/2-1/2

[Event "4NCL 2008-9"]
[Site "Staverton ENG"]
[Date "2009.05.02"]
[Round "9"]
[White "Greet,A"]
[Black "Wells,P"]
[Result "0-1"]
[WhiteElo "2431"]
[BlackElo "2489"]

1.e4 c5 2.Nf3 d6 3.Bb5+ Bd7 4.c4 g6 5.d4 cxd4 6.Nxd4 Nf6 7.Nc3 Bg7 8.O-O O-O
9.f3 a6 10.Bxd7 Nfxd7 11.Be3 Nc6 12.Rc1 Rb8 13.b3 Qa5 14.Qd2 Nde5 15.Rfd1 Rfc8
16.Nxc6 bxc6 17.c5 dxc5 18.Nb1 Qxd2 19.Nxd2 Nd3 20.Rc2 Nb4 21.Rc4 Nxa2 22.Kf1 Rd8
23.Rc2 Rxb3 24.Nxb3 Rxd1+ 25.Ke2 Rb1 26.Rxa2 Rxb3 27.Bxc5 Rb2+ 28.Rxb2 Bxb2
29.Bxe7 f5 30.exf5 gxf5 31.Kd3 Kf7 32.Bd8 Be5 33.g3 Ke6 34.Kc4 Bd6 35.Ba5 h5
36.Be1 f4 37.Kd4 Kf5 38.Kc4 Be7 39.Kd4 Bf8 40.Kc4 Bd6 41.Kd4 a5 42.Bxa5 fxg3
43.hxg3 Bxg3 44.Bd8 Bf2+ 45.Kd3 h4 46.Ke2 Bg3 47.Bb6 h3 48.Kf1 Kf4 49.Kg1 Kxf3
50.Kh1 Bf2  0-1

[Event "4NCL 2008-9"]
[Site "Staverton ENG"]
[Date "2009.05.02"]
[Round "9"]
[White "Purton,B"]
[Black "Coleman,D"]
[Result "0-1"]
[WhiteElo "2110"]
[BlackElo "2221"]

1.e4 c5 2.Nf3 d6 3.Bb5+ Bd7 4.Bxd7+ Qxd7 5.c4 Nc6 6.O-O g6 7.d4 cxd4 8.Nxd4 Bg7
9.Be3 Nh6 10.f3 f5 11.Nxc6 bxc6 12.Qd2 Nf7 13.Nc3 O-O 14.Rad1 Qe6 15.b3 Ne5
16.Bd4 f4 17.c5 Rad8 18.cxd6 Rxd6 19.Qf2 Ra8 20.Na4 Rad8 21.Nc5 Qc8 22.Bxe5 Rxd1
23.Bxg7 Kxg7 24.Qh4 Rxf1+ 25.Kxf1 Re8 26.Qxf4 e5 27.Qd2 Qc7 28.b4 h6 29.Qd3 Kh7
30.Qc4 Re7 31.Ke2 Qd6 32.a4 Qf6 33.Qa6 Qd6 34.Qc4 Kh8 35.Qc3 Re8 36.Nd3 Kh7
37.Qc4 Rd8 38.a5 Kg7 39.Qc3 Kh7 40.Qc4 Rd7 41.g3 g5 42.Qc3 h5 43.Qc4 g4 44.f4 exf4
45.gxf4 h4 46.e5 Qxd3+ 47.Qxd3+ Rxd3 48.Kxd3 g3 49.hxg3 h3 50.e6 Kg7  0-1

[Event "FIDE Open"]
[Site "Ostrava CZE"]
[Date "2009.05.03"]
[Round "2"]
[White "Cempel,J"]
[Black "Simacek,P"]
[Result "1/2-1/2"]
[WhiteElo "2298"]
[BlackElo "2489"]

1.e4 c5 2.Nf3 d6 3.Bb5+ Bd7 4.Bxd7+ Qxd7 5.O-O Nc6 6.c3 d5 7.exd5 Qxd5 8.d4 Rd8
9.Qa4 e6 10.Be3 Nf6 11.c4 Qh5 12.h3 Bd6 13.Nc3 O-O 14.dxc5 Bxc5 15.Bxc5 Qxc5
16.Rad1 a6 17.Rfe1 Rxd1 18.Rxd1 h6 19.a3 Rc8 20.Rc1 Nd4 21.Nxd4 Qxd4 22.Qb4 Rxc4
23.Qxb7 Ne4 24.Rf1 Nxc3 25.bxc3 Rxc3 26.Qxa6 g6 27.a4 Ra3 28.a5 Kg7 29.Qb5 Qc3
30.a6 Ra5 31.Qb6 Qa3 32.Qd4+ e5 33.Qe4 Qd6 34.f4 Qb6+ 35.Kh1 Qxa6 36.Rb1 exf4
37.Qxf4 Qd3 38.Re1 Rf5 39.Qc1 Rf2 40.Qa1+ Kh7 41.Rg1 h5 42.Qc1 Qg3 43.Qb1 h4
44.Qe4 Rf4 45.Qb1 Qc3 46.Qc1 Qf6 47.Qa1 Qe6 48.Rf1 g5 49.Qb1+ Kh6 50.Rxf4 gxf4
51.Qd1 Qe4 52.Qd8 Qe1+ 53.Kh2 Qg3+ 54.Kh1 Kh7 55.Qf6 Kg8 56.Qf5 f3 57.gxf3 Kf8
58.Qg4 Qe1+ 59.Kh2 Ke7 60.Kg2 Qd2+ 61.Kf1 Qc1+ 62.Kg2 Qc2+ 63.Kf1 Qd3+ 64.Kf2 Qc2+
65.Kf1 Qb1+ 66.Kf2 Qb6+ 67.Ke2 Qe6+ 68.Kf2 Qa2+  1/2-1/2

[Event "4NCL 2008-9"]
[Site "Staverton ENG"]
[Date "2009.05.04"]
[Round "11"]
[White "Wall,G"]
[Black "Collier,D"]
[Result "1-0"]
[WhiteElo "2301"]
[BlackElo "2114"]

1.e4 c5 2.Nf3 d6 3.Bb5+ Bd7 4.a4 Nc6 5.d3 g6 6.O-O Bg7 7.Nbd2 Nf6 8.Nc4 O-O
9.Re1 Qc7 10.Bg5 e5 11.Ne3 Be6 12.Bc4 a6 13.c3 Rae8 14.Nd2 h6 15.Bh4 Nh5
16.Nd5 Bxd5 17.Bxd5 Nf4 18.Bc4 g5 19.Bg3 Ne7 20.h4 Qd7 21.hxg5 hxg5 22.Bxf4 gxf4
23.Qh5 d5 24.Nf3 f6 25.exd5 Nxd5 26.d4 b5 27.axb5 axb5 28.Ra7  1-0

[Event "III Open"]
[Site "La Laguna ESP"]
[Date "2009.05.05"]
[Round "2"]
[White "Perez Gutierrez,N"]
[Black "Villavicencio Martinez,A"]
[Result "1-0"]
[WhiteElo "1999"]
[BlackElo "2363"]

1.e4 c5 2.Nf3 d6 3.Bb5+ Bd7 4.Bxd7+ Qxd7 5.c4 Nf6 6.Nc3 g6 7.O-O Bg7 8.e5 dxe5
9.Nxe5 Qd8 10.d4 cxd4 11.Nb5 O-O 12.Nxd4 a6 13.Be3 Qc7 14.Ndf3 Nh5 15.g4 Nf6
16.Bf4 Qc8 17.h3 Nc6 18.Qe2 Qe6 19.Rfe1 Nxe5 20.Nxe5 Rac8 21.Rad1 Rfd8 22.Qf3 Rxd1
23.Qxd1 Qb6 24.Nd7 Qxb2 25.Rxe7 Qxa2 26.Nb6 Rf8 27.Rxb7 Ne4 28.Be3 Nc3 29.Qf3 Qc2
30.Nd7 Ne2+ 31.Kh2 Qd1 32.Qg2 Rd8 33.f4 Nd4 34.c5 Qd3 35.Qf2  1-0

[Event "III Open"]
[Site "La Laguna ESP"]
[Date "2009.05.06"]
[Round "3"]
[White "Kraus,O"]
[Black "Rivas Crespo,Alej"]
[Result "1-0"]
[WhiteElo "1820"]
[BlackElo "1652"]

1.e4 c5 2.Nf3 d6 3.Bb5+ Nc6 4.O-O a6 5.Bxc6+ bxc6 6.d4 cxd4 7.Qxd4 e5 8.Qd3 Nf6
9.Bg5 Be7 10.Nc3 Be6 11.Rad1 Qc7 12.Kh1 O-O 13.Bxf6 gxf6 14.Nh4 Kh8 15.f4 Rg8
16.fxe5 fxe5 17.Nf5 Bxf5 18.Rxf5 Rg7 19.Qc4 f6 20.Nd5 Qd8 21.Nxe7 Qxe7 22.Qxc6 Qb7
23.Qxb7 Rxb7 24.b3 Rb4 25.c4  1-0

[Event "ch-RUS U20"]
[Site "Dagomys RUS"]
[Date "2009.05.07"]
[Round "8"]
[White "Andreikin,D"]
[Black "Sjugirov,S"]
[Result "1-0"]
[WhiteElo "2625"]
[BlackElo "2588"]

1.e4 c5 2.Nf3 d6 3.Bb5+ Nc6 4.O-O Bd7 5.Re1 Nf6 6.c3 a6 7.Bf1 Bg4 8.d3 e6
9.Nbd2 Bh5 10.h3 d5 11.g4 Bg6 12.Nh4 dxe4 13.dxe4 Qc7 14.Qe2 Bd6 15.Nxg6 hxg6
16.Nc4 Bh2+ 17.Kg2 Bf4 18.Bxf4 Qxf4 19.Qd2 Qxd2 20.Nxd2 Ke7 21.e5 Nd5 22.Kg3 g5
23.Ne4 Nxe5 24.Nxc5 f6 25.Rad1 b6 26.Ne4 Rad8 27.Nxg5 fxg5 28.Rxe5 Ne3 29.Re1 Nxf1+
30.Rxf1 Rd3+ 31.f3 Kf6 32.Rfe1 Re8 33.R1e2 Rd1 34.a4 Rg1+ 35.Kf2 Rh1 36.Kg2 Rd1
37.R5e4 e5 38.Rc4 Re6 39.Rc8 Ra1 40.Rf8+ Kg6 41.Rf5 Rxa4 42.Rexe5 Rxe5 43.Rxe5 b5
44.b4 Ra1 45.Kf2 Kf6 46.Rf5+ Kg6 47.Rc5 Kf6 48.Ke2 Rh1 49.Rc6+ Ke5 50.Rxa6 Kf4
51.Ra8 Rh2+ 52.Kd3 Kxf3 53.Rh8 Kg3 54.c4 bxc4+ 55.Kxc4 Rb2 56.b5 Rc2+ 57.Kd5 Rd2+
58.Kc6 Rc2+ 59.Kb7 Rb2 60.b6 Rb1 61.Kc7 Rc1+ 62.Kb8 Rb1 63.b7 Rb2 64.Kc7  1-0

[Event "Moscow Region Spring GM"]
[Site "Serpukhov RUS"]
[Date "2009.05.07"]
[Round "12"]
[White "Can,E"]
[Black "Kashlinskaya,A"]
[Result "0-1"]
[WhiteElo "2461"]
[BlackElo "2344"]

1.e4 c5 2.Nf3 d6 3.Bb5+ Bd7 4.Bxd7+ Qxd7 5.O-O Nc6 6.c3 Nf6 7.d4 Nxe4 8.d5 Ne5
9.Re1 Nf6 10.Nxe5 dxe5 11.Rxe5 e6 12.c4 O-O-O 13.Nc3 Bd6 14.Re1 exd5 15.Nxd5 Nxd5
16.cxd5 Bc7 17.Be3 Qxd5 18.Qa4 Kb8 19.b4 Qd7 20.Qa3 Qd3 21.Qxd3 Rxd3 22.Bxc5 Rhd8
23.Kf1 b6 24.Be3 f5 25.g3 Kb7 26.Rac1 R8d5 27.Rc4 Bd6 28.a4 a6 29.Rb1 Rd1+
30.Rxd1 Rxd1+ 31.Ke2 Rd5 32.Rd4 Rxd4 33.Bxd4 g5 34.b5 axb5 35.axb5 Bc5 36.Kd3 Kc7
37.Bxc5 bxc5 38.h4 g4 39.Kc4 Kb6  0-1

[Event "TCh-ISR 2008-9"]
[Site "Israel ISR"]
[Date "2009.05.08"]
[Round "7"]
[White "Katzir,M"]
[Black "Kaspi,A"]
[Result "1/2-1/2"]
[WhiteElo "2279"]
[BlackElo "2470"]

1.e4 c5 2.Nf3 d6 3.Bb5+ Nd7 4.O-O Nf6 5.Re1 a6 6.Bf1 e5 7.c3 Be7 8.d4 O-O
9.a4 b6 10.Na3 Bb7 11.d5 Ne8 12.Nc4 g6 13.Bh6 Ng7 14.Qd2 f6 15.g3 Rf7 16.Rab1 f5
17.Ng5 Bxg5 18.Bxg5 Qc7 19.Bh3 Nf6 20.f4 Nxe4 21.Rxe4 fxe4 22.fxe5 e3 23.Nxe3 dxe5
24.d6 Qc6 25.Bg2 e4 26.Ng4 Nf5 27.d7 Qe6 28.d8=Q+ Rxd8 29.Qxd8+ Kg7 30.Bf6+ Rxf6
31.Nxf6 Qxf6 32.Qc7+ Qf7 33.Qe5+ Qf6 34.Qc7+ Qf7 35.Qe5+ Qf6 36.Qc7+ Qf7  1/2-1/2

[Event "XXVIII Open"]
[Site "Zalakaros HUN"]
[Date "2009.05.08"]
[Round "1"]
[White "Majeric,Z"]
[Black "Haszon,D"]
[Result "1/2-1/2"]
[WhiteElo "2281"]
[BlackElo "2020"]

1.e4 c5 2.Nf3 d6 3.Bb5+ Bd7 4.Bxd7+ Qxd7 5.O-O Nc6 6.Qe2 g6 7.Rd1 Bg7 8.c3 e5
9.d3 Nf6 10.Bg5 O-O 11.a4 a6 12.Na3 Rae8 13.Nc4 Nh5 14.Nb6 Qe6 15.Nd5 Qd7
16.b4 cxb4 17.cxb4 f6 18.Be3 f5 19.b5 axb5 20.axb5 Ne7 21.Nb6 Qxb5 22.Qa2+ Kh8
23.Ng5 f4 24.Rab1 Qa6 25.Nf7+ Kg8 26.Qb3 Rxf7 27.Ra1 fxe3 28.fxe3 Bh6 29.Rxa6 Bxe3+
30.Kh1 bxa6 31.Rf1 Rf8 32.g3 Kg7 33.Rxf7+ Rxf7 34.Nc4 Bc5 35.Qa4 a5 36.Qb5  1/2-1/2

[Event "Copenhagen Chess Challenge"]
[Site "Ballerup DEN"]
[Date "2009.05.09"]
[Round "6"]
[White "Andreasen,P"]
[Black "Pallesen,Ja"]
[Result "1-0"]
[WhiteElo "2265"]
[BlackElo "2030"]

1.Nf3 d6 2.e4 c5 3.Bb5+ Nc6 4.O-O Bd7 5.c3 Nf6 6.Re1 e6 7.d4 cxd4 8.cxd4 Be7
9.Nc3 a6 10.Bf1 O-O 11.d5 Na7 12.e5 Nxd5 13.Nxd5 exd5 14.Qxd5 Bc6 15.Qb3 dxe5
16.Nxe5 Bd5 17.Bc4 Bxc4 18.Nxc4 b5 19.Ne5 Rc8 20.Bf4 Bd6 21.Rad1 Qc7 22.h3 Rce8
23.Qd5 Nc8 24.Re3 Bxe5 25.Bxe5 Qa5 26.Rg3 g6 27.Bc3 Qb6 28.Qg5 f6 29.Qf4 Ne7
30.Qe4 Nc6 31.Qd5+ Kg7 32.Qf3 Re7 33.Rd6 Rc7 34.Rxf6 Rxf6 35.Qxf6+ Kg8 36.Qh8+ Kf7
37.Re3 b4 38.Qg7+  1-0

[Event "Copenhagen Chess Challenge"]
[Site "Ballerup DEN"]
[Date "2009.05.09"]
[Round "7"]
[White "Petrovski,P"]
[Black "Akdag,D"]
[Result "0-1"]
[WhiteElo "1772"]
[BlackElo "2199"]

1.e4 c5 2.Nf3 d6 3.Bb5+ Nd7 4.O-O a6 5.Bxd7+ Bxd7 6.b3 Nf6 7.d3 g6 8.Bb2 Bg7
9.Nbd2 O-O 10.Re1 b5 11.Nf1 Rc8 12.Ne3 Bc6 13.h3 Bb7 14.Qe2 Qd7 15.Bxf6 Bxf6
16.Rad1 a5 17.Nd5 Bxd5 18.exd5 a4 19.g4 Rc7 20.c4 axb3 21.axb3 Ra8 22.Rb1 b4
23.Red1 Rca7 24.d4 Kg7 25.Kg2 cxd4 26.g5 Be5 27.Nxe5 dxe5 28.Qxe5+ Kg8 29.Qxd4 Ra2
30.Rd2 Qf5 31.Rxa2 Rxa2 32.Ra1 Qxg5+ 33.Kh2 Rxf2+ 34.Qxf2 Qe5+ 35.Kg2 Qxa1
36.Qf3 Qc3 37.Qd1 h5 38.d6 exd6 39.Qxd6 Qc2+ 40.Kg1 Qxb3 41.c5 Qb1+ 42.Kg2 Qc2+
43.Kg1 b3 44.Qd8+ Kg7 45.Qd4+ Kh7 46.Qd5 Qb1+ 47.Kg2 Qb2+ 48.Kg1 Qa1+ 49.Kg2 Qb2+
50.Kg1 Kg7 51.c6 Qc1+ 52.Kg2 Qc2+ 53.Kg1 b2 54.Qe5+ Kh7  0-1

[Event "III Open"]
[Site "La Laguna ESP"]
[Date "2009.05.09"]
[Round "7"]
[White "Cori,J"]
[Black "Trujillo Delgado,D"]
[Result "1-0"]
[WhiteElo "2418"]
[BlackElo "2233"]

1.e4 c5 2.Nf3 d6 3.Bb5+ Nd7 4.O-O Nf6 5.Re1 a6 6.Bf1 g6 7.c3 Bg7 8.d4 e5
9.dxe5 dxe5 10.c4 O-O 11.Nc3 h6 12.a3 Qe7 13.Be3 Nb8 14.Nd5 Nxd5 15.cxd5 Rd8
16.Qc1 b6 17.Bxh6 Bg4 18.Bxg7 Kxg7 19.Nd2 Rh8 20.Qc3 Nd7 21.f3 Bh5 22.g4 Qh4
23.h3 f5 24.exf5 gxf5 25.Bg2 fxg4 26.fxg4 Bxg4 27.Re4 Nf6 28.Qxe5 Rae8 29.Qc7+ Kg6
30.Rxe8 Rxe8 31.hxg4 Re2 32.Qf4 Nxg4 33.Rf1 Re7 34.d6 Re8 35.Be4+ Kg7 36.Qf7+  1-0

[Event "III Cerrado Manises"]
[Site "Manises ESP"]
[Date "2009.05.09"]
[Round "7"]
[White "Sanchez Romero,M"]
[Black "Pallardo Lozoya,J"]
[Result "1-0"]
[WhiteElo "2235"]
[BlackElo "2342"]

1.e4 c5 2.Nf3 d6 3.Bb5+ Nd7 4.O-O a6 5.Bxd7+ Bxd7 6.d4 e6 7.dxc5 dxc5 8.Ne5 Qc7
9.Nxd7 O-O-O 10.Qf3 Rxd7 11.Bf4 Qc6 12.Nd2 e5 13.Be3 Nf6 14.Nc4 Bd6 15.Rad1 Bc7
16.Rxd7 Qxd7 17.Bg5 Ne8 18.Rd1 Qe6 19.b3 Qg6 20.Be7 b6 21.Ne3 Qe6 22.Nd5 f6
23.Qd3 Kb7 24.b4 cxb4 25.Bxb4 g6 26.c4 h5 27.c5 b5 28.a4 bxa4 29.Rb1 Ka7
30.Bd2 Rh7 31.c6 Qxc6 32.Be3+ Ka8 33.Nb6+ Ka7 34.Nxa4+ Ka8 35.Nb6+ Ka7 36.Nd7+ Ka8
37.Rb6 Qxb6 38.Nxb6+ Bxb6 39.Qxa6+ Kb8 40.Qxb6+ Kc8 41.Qe6+ Kd8 42.Bb6+ Nc7
43.Qg8+  1-0

[Event "Mitropa Cup w"]
[Site "Rogaska Slatina SLO"]
[Date "2009.05.09"]
[Round "1"]
[White "Zimina,O"]
[Black "Fuchs,Ju"]
[Result "1/2-1/2"]
[WhiteElo "2330"]
[BlackElo "2238"]

1.e4 c5 2.Nf3 d6 3.Bb5+ Bd7 4.Bxd7+ Qxd7 5.c4 Nf6 6.Nc3 g6 7.d4 cxd4 8.Nxd4 Bg7
9.O-O O-O 10.h3 Rc8 11.b3 d5 12.exd5 Nxd5 13.Nxd5 e6 14.Bh6 exd5 15.Bxg7 Kxg7
16.c5 Na6 17.Nf3 Nxc5 18.Qd4+ f6 19.Rad1 Ne6 20.Qg4 Rd8 21.Rfe1 Nc5 22.Qd4 Ne6
23.Qg4 Nc5 24.Qb4 b6 25.Re2 Qf7 26.Nd4 Re8 27.Red2 Ne4 28.Rd3 Nc5 29.R3d2 Ne4
30.Rd3 Nc5 31.R3d2  1/2-1/2

[Event "ch-USA"]
[Site "Saint Louis USA"]
[Date "2009.05.09"]
[Round "2"]
[White "Benjamin,Joe"]
[Black "Krush,I"]
[Result "1-0"]
[WhiteElo "2583"]
[BlackElo "2452"]

1.e4 c5 2.Nf3 d6 3.Bb5+ Nd7 4.c3 Nf6 5.Qe2 a6 6.Ba4 e5 7.d4 b5 8.Bc2 Be7
9.O-O O-O 10.a4 Bb7 11.d5 c4 12.b3 cxb3 13.Bxb3 Nc5 14.Bc2 bxa4 15.Ba3 Nfd7
16.c4 Qa5 17.Qe3 Rfb8 18.Nc3 Bc8 19.Rfb1 Nb3 20.Ra2 Ndc5 21.h3 Bd7 22.Ne2 Bf6
23.Ng3 Nd4 24.Rxb8+ Rxb8 25.Nxd4 exd4 26.Qe2 g6 27.Nf1 Rb3 28.Bxc5 d3 29.Qf3 dxc2
30.Qxf6 dxc5 31.Rxc2 Rb1 32.Rc3 Rb3 33.Rc1 a3 34.e5 Qb6 35.e6 fxe6 36.Qe7 a2
37.Qxd7 Rb1 38.dxe6 Qb8 39.Qf7+ Kh8 40.e7  1-0

[Event "ch-LTU"]
[Site "Vilnius LTU"]
[Date "2009.05.09"]
[Round "10"]
[White "Sarakauskas,G"]
[Black "Malisauskas,V"]
[Result "0-1"]
[WhiteElo "2424"]
[BlackElo "2459"]

1.e4 c5 2.Nf3 d6 3.Bb5+ Nd7 4.O-O a6 5.Bxd7+ Bxd7 6.d4 Bg4 7.dxc5 dxc5 8.Qxd8+ Rxd8
9.Ne5 Bh5 10.Be3 f6 11.g4 fxe5 12.gxh5 e6 13.Nd2 Nf6 14.f3 Nxh5 15.Nc4 Be7
16.Nxe5 Bf6 17.Nd3 Bd4 18.Bxd4 cxd4 19.Nc5 Ke7 20.Nxb7 Rb8 21.Na5 Rhc8 22.Nb3 e5
23.Rf2 Nf4 24.Rd2 a5 25.Rb1 a4 26.Nc1 a3 27.b3 g5 28.Nd3 Kf6 29.b4 Rc3 30.Rb3 Rxb3
31.cxb3 Nxd3 32.Rxd3 Rxb4 33.Rd1 g4 34.Kf2 gxf3 35.Kxf3 Rb7 36.Rc1 Rf7 37.Ke2 Kg5
38.Rg1+ Kh4 39.b4 Rf4 40.Kd3 Rf2 41.Rg7 h5 42.Re7 Rxa2 43.Rxe5 Ra1 44.Ra5 a2
45.Kc2 d3+ 46.Kb2 Re1  0-1

[Event "III Open"]
[Site "La Laguna ESP"]
[Date "2009.05.10"]
[Round "9"]
[White "Perez Castellano,S"]
[Black "Medina Sanchez,G"]
[Result "0-1"]
[WhiteElo "1874"]
[BlackElo "1714"]

1.e4 c5 2.Nf3 d6 3.Bb5+ Bd7 4.Bxd7+ Nxd7 5.O-O Ngf6 6.Re1 g6 7.c3 Bg7 8.d4 cxd4
9.cxd4 O-O 10.Nc3 e5 11.Bg5 h6 12.dxe5 Nxe5 13.Bh4 g5 14.Bg3 Nxf3+ 15.Qxf3 Qb6
16.e5 dxe5 17.Bxe5 Rfe8 18.Rad1 Re6 19.Re2 Rd8 20.Rde1 Qc6 21.Qh3 Nd5 22.Qh5 Bxe5
23.Rxe5 Rxe5 24.Rxe5 Nxc3 25.bxc3 Qxc3 26.Rxg5+ Kf8 27.Qxh6+ Ke7 28.h3 Qc1+
29.Kh2 Qf4+  0-1

[Event "III Open"]
[Site "La Laguna ESP"]
[Date "2009.05.10"]
[Round "9"]
[White "Kraus,O"]
[Black "Trujillo Delgado,D"]
[Result "1/2-1/2"]
[WhiteElo "1820"]
[BlackElo "2233"]

1.e4 c5 2.Nf3 d6 3.Bb5+ Nd7 4.d4 cxd4 5.Qxd4 Nf6 6.Bg5 a6 7.Bxd7+ Nxd7 8.O-O f6
9.Be3 e6 10.Nc3 Be7 11.Qc4 Ne5 12.Nxe5 fxe5 13.Rad1 O-O 14.Rd2 Bd7 15.a4 b6
16.Rfd1 Qb8 17.Qb3 b5 18.axb5 axb5 19.Ne2 Ra4 20.Ng3 Qa8 21.Nf5 Rxf5 22.exf5 Rg4
23.g3 Qf3 24.Rxd6 Bxd6 25.Rxd6 Ra4 26.Bc1 Qxb3 27.cxb3 Rd4  1/2-1/2

[Event "5th MTel Masters"]
[Site "Sofia BUL"]
[Date "2009.05.13"]
[Round "1"]
[White "Ivanchuk,V"]
[Black "Shirov,A"]
[Result "0-1"]
[WhiteElo "2746"]
[BlackElo "2745"]

1.e4 c5 2.Nf3 d6 3.Bb5+ Bd7 4.Bxd7+ Qxd7 5.c4 Nf6 6.Nc3 g6 7.d4 cxd4 8.Nxd4 Bg7
9.f3 O-O 10.Be3 Nc6 11.O-O Rac8 12.b3 e6 13.Rc1 Rfd8 14.Qd2 d5 15.exd5 exd5
16.c5 Nxd4 17.Bxd4 Ne4 18.Qe3 Nxc5 19.Rcd1 Bxd4 20.Rxd4 Qc6 21.Ne2 Ne6 22.Rd2 d4
23.Nxd4 Qb6 24.Rfd1 Rd5  0-1